000 00804cab a2200181 4500
001 L130566
008 050812n2005 000 0 eng u
035 _a(Sirsi) u130566
041 _aeng
100 _aMcClary, Samantha
245 _aShopping centre frenzy falters
260 _c2005
490 _aEstates Gazette
_v(0531) 6 August 2005, 22(1)
520 _aBrief overview of DTZ's "Shopping centre investment market review" for the Q2 2005. There has been a 75% drop on the first quarter. Despite this DTZ believe that 2005 will be a record year with £1bn shopping centre transactions being processed at the moment.
590 _aIKA160805
690 _aPROPERTY-COMMERCIAL PROPERTY-RETAIL PROPERTY- SHOPPING CENTRE, MALL AND ARCADE PROPERTY- SHOPPING CENTRES, MALLS AND ARCADES
942 _n0
999 _c75704
_d75704